| 000 | 00491nam a2200193Ia 4500 | ||
|---|---|---|---|
| 003 | OSt | ||
| 005 | 20250808151404.0 | ||
| 008 | 250729s2006 xx 000 0 und d | ||
| 020 | _a978-8184110395 | ||
| 040 | _cAL | ||
| 041 | _aeng | ||
| 082 | _a372.8 SWAT | ||
| 100 |
_aKumar S J Vijay _9221137 |
||
| 245 | _aTechniues of teaching mathematics | ||
| 260 |
_aNew Delhi _bOrbis Books Sonali Publication _c2006 |
||
| 300 | _a232p | ||
| 650 |
_aEnviournmental _9221138 |
||
| 942 |
_2ddc _cBED |
||
| 999 |
_c234870 _d234870 |
||